000 00430nam a2200169Ia 4500
003 GCL
008 140319s9999 xx 000 0 eng d
040 _aGCL /
_cGCL
082 0 4 _a751.4
_bB E
100 1 _aBAND, DAVID M.
245 1 0 _aENRICH YOUR PAINTINGS WITH TEXTURE /
_cBAND, DAVID M.
260 _a[S.N] :
_bNORTH LIGHT BOOKS ،
_c1994
300 _a135 PP
650 0 4 _aARTS
650 0 4 _aART TEXTURE
942 _2ddc
_cBK
999 _c18907
_d18907